Caivs Crispvs Sallvstivs Accedvnt Recesio Novissimae Versionis Hispanicae Examen Variarvm Lectionvm Interpretatio Locorvm Index Latinitatis

Bibliographic Details
Main Author: Sallustius, Gaius Crispus, 86 pred Kr.-35 pred Kr (Author)
Corporate Author: Unger, Johann Friedrich (Berlín, Nemecko) (Printer)
Other Authors: Teller, Wilhelm Abraham, 1734-1804 (Editor), Unger, Johann Friedrich, 1753-1804 (Printer)
Format: Book
Language:Latin
PhysicalDescription:8 nečíslovaných strán, 508 strán 22 cm‬
Subjects:

MARC

LEADER 00000nam a2200000 4500
001 vtls012226381
003 SK-MaSNL
005 20260301105703.0
008 230328t1790 gw r 001 0 lat
015 |a SNBHFA1790 
040 |a SNKHF  |b slo  |c SNK  |e rda 
041 |a lat 
044 |a gw  |c DE 
072 7 |a 821.09  |x Literatúra v rôznych jazykoch (o nej)  |2 konspekt 
080 |a 821(37/38)  |2 2001 
100 1 |a Sallustius, Gaius Crispus,  |d 86 pred Kr.-35 pred Kr.  |4 aut  |9 130297 
245 1 0 |a Caivs Crispvs Sallvstivs  |b Accedvnt Recesio Novissimae Versionis Hispanicae Examen Variarvm Lectionvm Interpretatio Locorvm Index Latinitatis 
264 3 |a Berolini  |b Ex Officina Atqve Impensis Jo. Frid. Vngeri  |c MDCCXC (1790) 
300 |a 8 nečíslovaných strán, 508 strán  |c 22 cm‬ 
336 |a text  |b txt  |2 rdacontent 
337 |a bez média  |b n  |2 rdamedia 
338 |a zväzok  |b nc  |2 rdacarier 
500 |a Kustódy 
504 |a Register 
563 |a Väzba pôvodná, kožená.  |5 SNK IC 145685 
650 0 7 |a antická literatúra  |2 SNKPH  |9 92203 
700 1 |a Teller, Wilhelm Abraham,  |d 1734-1804  |4 edt  |9 446383 
700 1 |a Unger, Johann Friedrich,  |d 1753-1804  |4 prt  |9 274942 
710 0 |a Unger, Johann Friedrich (Berlín, Nemecko),  |d 1780-1804  |4 prt  |9 359787 
752 |a Nemecko  |d Berlín 
852 |a snk  |b Aponiovská knižnica  |p IC 145685 
958 |a DD 
958 |a ONDV 
999 |c 701484  |d 703414 
952 |t Op. II/218  |a SNK  |b SNK  |c SNK_HF  |y PREZ  |7 0  |p 17A1484762  |o snkIC 145685  |i snk2023/5285  |8 5  |0 0  |1 0  |4 0  |d 2023-03-28  |l 0  |r 2026-02-23 21:00:12  |w 2026-02-23